000 00225nam a2200097Ia 4500
008 190216s9999||||xx |||||||||||||| ||und||
100 _aDr.Alexandar
245 0 _aAmericayile Vidyabyasam
260 _bNbs Kottayam
942 _cBK
999 _c23881
_d23881